[Event "Mondiale Lampo FIDE 2019"]
[Site "Mosca"]
[Date "29.12.2019"]
[Round "3.60"]
[White "Petrosyan, Manuel"]
[Black "Perunovic, Milos"]
[Result "1-0"]
[WhiteTitle "GM"]
[BlackTitle "GM"]
[WhiteElo "2613"]
[BlackElo "2589"]
[WhiteFideId "13300857"]
[BlackFideId "921629"]
[EventDate "2019.12.29"]

1. c4 c5 2. Nc3 Nc6 3. g3 g6 4. Bg2 Bg7 5. d3 d6 6. Qd2 e5 7. b3 Nge7 8. Bb2 Be6
9. h4 h6 10. h5 g5 11. f4 gxf4 12. gxf4 Nf5 13. Ne4 Rg8 14. O-O-O exf4 15. Bf3
Ne3 16. Re1 f5 17. Nf2 Be5 18. Ngh3 Qf6 19. Nxf4 Bxb2+ 20. Qxb2 Qxb2+ 21. Kxb2
Bf7 22. Bxc6+ bxc6 23. Rh3 Ng2 24. Nxg2 Rxg2 25. Rf3 Bxh5 26. Rxf5 Bg6 27. Rf3
Ke7 28. Nh3 Rf8 29. Nf4 Rg5 30. Ref1 Re8 31. Nxg6+ Rxg6 32. Rf7+ Kd8 33. Rxa7
Rxe2+ 34. Kc3 Ke8 35. b4 cxb4+ 36. Kxb4 d5 37. Kc5 dxc4 38. dxc4 Re5+ 39. Kb6
c5+ 40. Kb5 Rg2 41. Rf6 h5 42. Rh6 Rb2+ 43. Kc6 Re7 44. Rh8+ Kf7 45. Rh7+ 1-0

[Event "Mondiale Lampo FIDE 2019"]
[Site "Mosca"]
[Date "29.12.2019"]
[Round "3.61"]
[White "Gutenev, Alexander"]
[Black "Popov, Ivan RUS"]
[Result "1/2-1/2"]
[WhiteTitle "IM"]
[BlackTitle "GM"]
[WhiteElo "2469"]
[BlackElo "2636"]
[WhiteFideId "4195540"]
[BlackFideId "4170350"]
[EventDate "2019.12.29"]

1. e4 c5 2. Nf3 d6 3. d4 cxd4 4. Nxd4 Nf6 5. Nc3 Bd7 6. Be2 Nc6 7. Be3 e6 8. g4
h6 9. h4 d5 10. exd5 Nxd5 11. Nxd5 exd5 12. Qd2 Qa5 13. Qxa5 Nxa5 14. O-O-O
O-O-O 15. b3 a6 16. Kb2 Nc6 17. Nxc6 Bxc6 18. Bd4 f6 19. Rhg1 Bd6 20. g5 hxg5
21. hxg5 Be5 22. gxf6 gxf6 23. c3 Rh2 24. Be3 Kc7 25. Rg7+ Rd7 26. Rdg1 Rh7 27.
Rxd7+ Kxd7 28. Kc2 Re7 29. Bd3 1/2-1/2

[Event "Mondiale Lampo FIDE 2019"]
[Site "Mosca"]
[Date "29.12.2019"]
[Round "3.62"]
[White "Guseinov, Gadir"]
[Black "Vavulin, Maxim"]
[Result "0-1"]
[WhiteTitle "GM"]
[BlackTitle "GM"]
[WhiteElo "2666"]
[BlackElo "2556"]
[WhiteFideId "13401378"]
[BlackFideId "4169530"]
[EventDate "2019.12.29"]

1. e4 g6 2. d4 Bg7 3. Nc3 a6 4. Nf3 d6 5. Be2 b5 6. O-O Bb7 7. Re1 b4 8. Nd5
Bxd5 9. exd5 Nf6 10. c4 bxc3 11. bxc3 Nxd5 12. Qb3 Nb6 13. a4 a5 14. Bb5+ c6 15.
Bd3 O-O 16. Bg5 Bf6 17. Bh6 Bg7 18. Bg5 Bf6 19. h4 N8d7 20. h5 Kg7 21. Re4 Bxg5
22. Nxg5 e5 23. Rg4 Nf6 24. Rh4 Nxh5 25. Rxh5 gxh5 26. Nxh7 Rh8 27. Re1 Nd7 28.
Re3 h4 29. Rf3 d5 30. Bf5 e4 31. Bxe4 Qe7 32. Bf5 Rxh7 33. Bxh7 Kxh7 34. Qb7 Rb8
35. Qxc6 Rb6 36. Qxd5 Rf6 37. Re3 Re6 38. Rh3 Rg6 39. Kh2 Qd6+ 40. Qxd6 Rxd6 41.
Rxh4+ Kg7 42. Rh5 Rh6 43. Rxh6 Kxh6 44. c4 Nb6 45. c5 Nxa4 46. c6 Nb6 47. c7 a4
48. d5 Nc8 49. Kg3 a3 0-1

[Event "Mondiale Lampo FIDE 2019"]
[Site "Mosca"]
[Date "29.12.2019"]
[Round "3.63"]
[White "Atabayev, Maksat"]
[Black "Bluebaum, Matthias"]
[Result "0-1"]
[WhiteTitle "GM"]
[BlackTitle "GM"]
[WhiteElo "2475"]
[BlackElo "2644"]
[WhiteFideId "14001101"]
[BlackFideId "24651516"]
[EventDate "2019.12.29"]

1. Nf3 d5 2. g3 Nd7 3. c4 dxc4 4. Qa4 a6 5. Qxc4 b5 6. Qc2 Bb7 7. Bg2 Ngf6 8.
O-O e6 9. a4 c5 10. Nc3 Qb6 11. b3 Be7 12. Bb2 O-O 13. d3 Rfd8 14. Rfd1 Rac8 15.
axb5 axb5 16. Bc1 h6 17. Bf4 Nd5 18. Nxd5 Bxd5 19. Ne5 Bxg2 20. Kxg2 Bf6 21.
Nxd7 Rxd7 22. Ra2 Qb7+ 23. Kg1 Bd4 24. Ra5 Qb6 25. Bd2 c4 26. e3 c3 27. b4 Bf6
28. Be1 Rdc7 29. Rb1 Qc6 30. Rb3 Qf3 31. Ra1 h5 32. h4 g5 33. hxg5 Bxg5 34. Rxc3
Rxc3 35. Bxc3 h4 36. gxh4 Bxh4 37. Rc1 Rxc3 38. Qxc3 Bxf2+ 39. Kf1 Bg3+ 0-1

[Event "Mondiale Lampo FIDE 2019"]
[Site "Mosca"]
[Date "29.12.2019"]
[Round "3.64"]
[White "Belov, Vladimir"]
[Black "Kim, Alexey"]
[Result "1-0"]
[WhiteTitle "GM"]
[BlackTitle "GM"]
[WhiteElo "2598"]
[BlackElo "2464"]
[WhiteFideId "4132394"]
[BlackFideId "4129776"]
[EventDate "2019.12.29"]

1. d4 e6 2. Nf3 d5 3. c4 Nf6 4. Nc3 Be7 5. g3 c6 6. Bg2 b6 7. O-O O-O 8. Ne5 Ba6
9. Bf4 Bxc4 10. Nxc4 dxc4 11. a4 Nd5 12. Bd2 Na6 13. e3 Nab4 14. Qe2 Rc8 15.
Qxc4 c5 16. dxc5 Rxc5 17. Qe2 Bf6 18. Nxd5 Nxd5 19. e4 Bxb2 20. Rad1 Ne7 21. Be3
Qb8 22. Bxc5 bxc5 23. Rb1 1-0

[Event "Mondiale Lampo FIDE 2019"]
[Site "Mosca"]
[Date "29.12.2019"]
[Round "3.65"]
[White "Belousov, Danila"]
[Black "Tran, Tuan Minh"]
[Result "0-1"]
[WhiteTitle "FM"]
[BlackTitle "GM"]
[WhiteElo "2274"]
[BlackElo "2529"]
[WhiteFideId "4167350"]
[BlackFideId "12401820"]
[EventDate "2019.12.29"]

1. e4 c5 2. Nf3 d6 3. d4 cxd4 4. Nxd4 Nf6 5. Nc3 a6 6. Rg1 e5 7. Nb3 Be6 8. g4
h6 9. h4 d5 10. exd5 Nxd5 11. Nxd5 Bxd5 12. Rg3 Be6 13. Qxd8+ Kxd8 14. Be3 Nd7
15. O-O-O Kc7 16. f4 Be7 17. h5 Rad8 18. f5 Bxb3 19. axb3 Nb8 20. Bc4 Rhf8 21.
c3 b5 22. Be2 Bg5 23. Bxg5 hxg5 24. Rgd3 Rxd3 25. Rxd3 Nd7 26. Kc2 Nf6 27. c4
Rb8 28. Rc3 Kd6 29. Rd3+ Kc5 30. Rh3 b4 31. Rh1 Ra8 32. Rd1 a5 33. Ra1 Kb6 34.
Rd1 Kc5 35. Ra1 Kb6 36. Rd1 Kc5 37. Ra1 Ra7 38. Rh1 Ra8 39. Ra1 Ra7 40. Rh1 Rd7
41. h6 gxh6 42. Rxh6 Ne4 43. Bf3 Nf2 44. Ra6 Kd4 45. Rxa5 e4 46. Bg2 Nxg4 47.
Kb1 Ne3 48. Bh1 g4 49. c5 g3 50. c6 Rc7 51. Rb5 g2 52. Bxg2 Nxg2 53. Rxb4+ Kd5
54. Rb5+ Kd6 55. b4 Rxc6 56. Rb7 f6 57. Rg7 Ne3 58. Ka2 Nxf5 59. Rg4 Ke5 60. Kb3
Nd4+ 61. Ka2 e3 0-1

[Event "Mondiale Lampo FIDE 2019"]
[Site "Mosca"]
[Date "29.12.2019"]
[Round "3.66"]
[White "Grigoriants, Sergey"]
[Black "Atabayev, Saparmyrat"]
[Result "0-1"]
[WhiteTitle "GM"]
[BlackTitle "IM"]
[WhiteElo "2542"]
[BlackElo "2425"]
[WhiteFideId "4130804"]
[BlackFideId "14000571"]
[EventDate "2019.12.29"]

1. e4 c5 2. Nf3 d6 3. d4 cxd4 4. Nxd4 Nf6 5. Nc3 a6 6. a4 Nc6 7. Nb3 g6 8. Be2
Bg7 9. O-O O-O 10. Re1 Be6 11. Bf1 Bxb3 12. cxb3 Rc8 13. Be3 Qa5 14. Rc1 Nd7 15.
Nd5 Qd8 16. Bg5 Re8 17. Qd2 Nc5 18. Qe3 Bxb2 19. Rcd1 Bg7 20. h4 Ne6 21. g3 Nxg5
22. hxg5 e6 23. Nb6 Rc7 24. Nc4 Rd7 25. Nb6 Rde7 26. Bg2 d5 27. Qc5 d4 28. Nc4
Rc7 29. Qd6 Qxd6 30. Nxd6 Rd8 31. Nc4 b5 32. axb5 axb5 33. Nb2 Nb4 34. Bf1 Rc5
35. Nd3 Nxd3 36. Bxd3 Rxg5 37. b4 Bf8 38. Rb1 Rc8 39. Kg2 Rc3 40. Red1 Bd6 41.
Kf3 Rh5 42. Ke2 Rh2 43. Rh1 Rxh1 44. Rxh1 Bxb4 45. Rb1 Bf8 46. Rxb5 Kg7 47. e5
Ra3 48. Rb7 g5 49. f4 gxf4 50. gxf4 Rc3 51. Rd7 Bc5 52. Rc7 h5 53. f5 exf5 54.
e6 Kf6 55. exf7 Kg7 56. Bxf5 Re3+ 57. Kd2 Bb4+ 58. Kc2 Rf3 59. Be6 d3+ 60. Kb2
d2 61. Rd7 Rf1 62. Bb3 h4 63. Rd8 h3 64. Rg8+ Kh7 65. Rg3 Rh1 66. Rg4 Be7 67.
Bd5 0-1

[Event "Mondiale Lampo FIDE 2019"]
[Site "Mosca"]
[Date "29.12.2019"]
[Round "3.67"]
[White "Golubov, Saveliy"]
[Black "Studer, Noel"]
[Result "1-0"]
[WhiteTitle "IM"]
[BlackTitle "GM"]
[WhiteElo "2469"]
[BlackElo "2546"]
[WhiteFideId "24176729"]
[BlackFideId "1319620"]
[EventDate "2019.12.29"]

1. d4 d5 2. Nf3 Nf6 3. c3 e6 4. Bf4 Bd6 5. Bg3 O-O 6. Nbd2 c5 7. e3 Qc7 8. dxc5
Qxc5 9. Bd3 Nbd7 10. Qe2 Qb6 11. Bxd6 Qxd6 12. e4 e5 13. O-O Nc5 14. exd5 Nxd5
15. Nc4 Qh6 16. Qxe5 Rd8 17. Bc2 Bg4 18. Nd4 Ne6 19. Nxe6 Bxe6 20. Rad1 Nf4 21.
Nd6 f6 22. Qe4 Bg4 23. f3 f5 24. Qc4+ Qe6 25. Qxe6+ Nxe6 26. fxg4 Nc5 27. b4 Nd7
28. Bb3+ Kf8 29. Nxb7 1-0

[Event "Mondiale Lampo FIDE 2019"]
[Site "Mosca"]
[Date "29.12.2019"]
[Round "3.68"]
[White "Donchenko, Alexander"]
[Black "Murzin, Volodar"]
[Result "1/2-1/2"]
[WhiteTitle "GM"]
[BlackTitle "IM"]
[WhiteElo "2644"]
[BlackElo "2442"]
[WhiteFideId "24603295"]
[BlackFideId "44155573"]
[EventDate "2019.12.29"]

1. c4 c6 2. Nf3 Nf6 3. d4 d5 4. Qc2 g6 5. cxd5 cxd5 6. Nc3 Bg7 7. Bf4 O-O 8. e3
Nc6 9. Be2 a6 10. O-O Bf5 11. Qb3 b5 12. a4 b4 13. Na2 Qb6 14. Rfc1 Rfc8 15. Ne5
a5 16. Nd3 e6 17. Nc5 h6 18. h3 g5 19. Bg3 Ne4 20. Nxe4 Bxe4 21. Rc5 e5 22. Rb5
Qa7 23. dxe5 Nxe5 24. Bxe5 Bxe5 25. Nc1 Qe7 26. Nd3 Bg7 27. Rd1 Rc7 28. Bf3 Bxf3
29. gxf3 d4 30. e4 Rd7 31. Rc1 Kh8 32. Rc6 Qe8 33. Qc4 Rda7 34. Rbc5 Qe7 35. Kg2
Rf8 36. Rf5 Qd7 37. Qd5 Qe7 38. Qc5 Qd7 39. Rd5 Qb7 40. Rb6 Qa8 41. Rdd6 Kg8 42.
Rxh6 Bxh6 43. Rxh6 f6 44. h4 Rg7 45. Qc4+ Rff7 46. h5 g4 47. Rg6 gxf3+ 48. Kxf3
f5 49. Rxg7+ Kxg7 50. Nc5 fxe4+ 51. Ke2 d3+ 52. Ke3 Qe8 53. Ne6+ Kh8 54. Qd4+
Kg8 55. Qxe4 Re7 56. Qg4+ Kh8 57. Qd4+ Kg8 58. Qg4+ Kh8 59. Qd4+ Kh7 60. Qe4+
Kh8 61. Qd4+ Kg8 62. Qg4+ Kh8 63. Qd4+ 1/2-1/2

[Event "Mondiale Lampo FIDE 2019"]
[Site "Mosca"]
[Date "29.12.2019"]
[Round "3.69"]
[White "Yagupov, Igor"]
[Black "Utegaliyev, Azamat"]
[Result "0-1"]
[WhiteTitle "GM"]
[WhiteElo "2357"]
[BlackElo "2502"]
[WhiteFideId "4113632"]
[BlackFideId "13702467"]
[EventDate "2019.12.29"]

1. e4 d5 2. exd5 Qxd5 3. Nc3 Qd6 4. d4 c6 5. Nf3 Bg4 6. Be2 Nf6 7. h3 Bh5 8. Bg5
Nbd7 9. Qd2 e6 10. Bf4 Qb4 11. O-O Bxf3 12. Bxf3 Bd6 13. Ne4 Nxe4 14. Qxb4 Bxb4
15. Bxe4 Nf6 16. Bf3 O-O-O 17. c3 Bd6 18. Bg5 h6 19. Bxf6 gxf6 20. Rad1 f5 21.
Rfe1 h5 22. Kf1 h4 23. Rd3 a5 24. a4 Kc7 25. Ke2 Be7 26. Kd2 Rd7 27. Kc2 Rhd8
28. Red1 Bd6 29. Re1 b5 30. axb5 cxb5 31. Ra1 Kb6 32. Rdd1 Rc7 33. Rd3 Rdc8 34.
Kb3 Ra7 35. Rdd1 a4+ 36. Kc2 b4 37. Kd3 b3 38. c4 Bb4 39. c5+ Kb5 40. Be2 Rd8
41. Ke3+ Kc6 42. f4 Rb8 43. Bf3+ Kc7 44. Rdb1 a3 45. bxa3 Bc3 46. Bd1 Bxa1 47.
Rxa1 b2 48. Rb1 Rxa3+ 49. Kd2 Ra1 50. Kc2 Rxb1 51. Kxb1 Rb4 52. Bf3 Rxd4 53.
Kxb2 Rxf4 54. Kc3 e5 55. Bd5 f6 56. Kd3 Rd4+ 0-1

[Event "Mondiale Lampo FIDE 2019"]
[Site "Mosca"]
[Date "29.12.2019"]
[Round "3.70"]
[White "Kezin, Roman"]
[Black "Zarubitski, Viachaslau"]
[Result "1-0"]
[WhiteTitle "IM"]
[BlackTitle "IM"]
[WhiteElo "2470"]
[BlackElo "2451"]
[WhiteFideId "24124621"]
[BlackFideId "13509373"]
[EventDate "2019.12.29"]

1. d4 d5 2. c4 c6 3. Nc3 Nf6 4. e3 g6 5. Nf3 Bg7 6. Bd3 O-O 7. h3 b6 8. O-O Bb7
9. e4 dxe4 10. Nxe4 Nxe4 11. Bxe4 Nd7 12. Bg5 h6 13. Bf4 Re8 14. Qc2 Nf6 15.
Rad1 Qc8 16. Bxg6 fxg6 17. Qxg6 Qe6 18. Ne5 Bc8 19. Bxh6 Nh5 20. Qxe8+ Kh7 21.
Bxg7 Nxg7 22. Qxc6 Qxc6 23. Nxc6 Nh5 24. Nxe7 Bd7 25. Nd5 Rg8 26. Kh2 Rc8 27. g4 1-0

[Event "Mondiale Lampo FIDE 2019"]
[Site "Mosca"]
[Date "29.12.2019"]
[Round "3.71"]
[White "Luukkonen, Tommi"]
[Black "Bosiocic, Marin"]
[Result "1-0"]
[WhiteTitle "FM"]
[BlackTitle "GM"]
[WhiteElo "2290"]
[BlackElo "2623"]
[WhiteFideId "501808"]
[BlackFideId "14507927"]
[EventDate "2019.12.29"]

1. e4 c5 2. Nf3 d6 3. d4 cxd4 4. Nxd4 Nf6 5. Nc3 a6 6. h3 e5 7. Nb3 h5 8. f4 Nc6
9. Be3 exf4 10. Bxf4 h4 11. Qd2 Nh5 12. Bg5 Be7 13. Bxe7 Qxe7 14. O-O-O Ng3 15.
Rg1 Rh6 16. Nd5 Qd8 17. Bc4 Be6 18. Ne3 Ne5 19. Bxe6 fxe6 20. Nd4 Kf8 21. Nf1
Kg8 22. Nxg3 hxg3 23. Kb1 Rc8 24. Rgf1 Rf6 25. Rxf6 Qxf6 26. Qe2 Rf8 27. b3 Qf2
28. Qh5 Qxg2 29. Qg5 Rf6 30. Rd2 Qxh3 31. Kb2 Rg6 32. Qd8+ Kh7 33. Qxd6 Nc6 34.
Nf3 Qg4 35. Ng1 Qxe4 36. Ne2 Qe5+ 37. Qxe5 Nxe5 38. Nf4 Rg4 39. Ng2 Ng6 40. c4
e5 41. Kc3 Nf4 42. c5 Nxg2 43. Rxg2 Kh6 44. b4 Kh5 45. a4 Kh4 46. b5 axb5 47.
axb5 Rg6 48. Rb2 g2 1-0

[Event "Mondiale Lampo FIDE 2019"]
[Site "Mosca"]
[Date "29.12.2019"]
[Round "3.72"]
[White "Predke, Alexandr"]
[Black "Al Nhier, Hamoud"]
[Result "1-0"]
[WhiteTitle "GM"]
[BlackTitle "FM"]
[WhiteElo "2676"]
[BlackElo "1934"]
[WhiteFideId "24107581"]
[BlackFideId "21500045"]
[EventDate "2019.12.29"]

1. e4 Nc6 2. Nf3 e5 3. Bb5 Nf6 4. Nc3 Nd4 5. Bc4 Bc5 6. d3 O-O 7. h3 c6 8. Nxd4
Bxd4 9. Ne2 Bb6 10. Bb3 d5 11. exd5 cxd5 12. O-O h6 13. d4 e4 14. Bf4 Bc7 15.
Qd2 Be6 16. Bxc7 Qxc7 17. Qf4 Rac8 18. c3 b5 19. Qxc7 Rxc7 20. f3 Re8 21. Nf4
exf3 22. Rxf3 a5 23. a3 b4 24. cxb4 axb4 25. a4 Rec8 26. Re3 Rc1+ 27. Re1 Rxa1
28. Rxa1 g5 29. Nd3 Ne4 30. a5 Ra8 31. Bd1 Nd6 32. Nxb4 Nb5 33. Nc6 Ra6 34. Be2
Rxc6 35. Bxb5 Rc7 36. b4 1-0

[Event "Mondiale Lampo FIDE 2019"]
[Site "Mosca"]
[Date "29.12.2019"]
[Round "3.73"]
[White "Tengis, Tsog-Ochir"]
[Black "Nozdrachev, Vladislav"]
[Result "1/2-1/2"]
[WhiteTitle "FM"]
[BlackTitle "IM"]
[WhiteElo "2190"]
[BlackElo "2494"]
[WhiteFideId "4902718"]
[BlackFideId "24113441"]
[EventDate "2019.12.29"]

1. Nf3 d5 2. e3 Nf6 3. c4 e6 4. b3 c6 5. Bb2 Bd6 6. g3 Nbd7 7. Bg2 O-O 8. O-O b6
9. Nc3 Bb7 10. Rc1 a6 11. a4 e5 12. d4 e4 13. Nd2 Qe7 14. a5 b5 15. c5 Bc7 16.
b4 Rfe8 17. Qe2 Nf8 18. Rce1 Bc8 19. Bc1 Bg4 20. f3 exf3 21. Bxf3 Bh3 22. Bg2
Bxg2 23. Qxg2 Ne6 24. Nf3 g6 25. e4 Nxe4 26. Nxe4 dxe4 27. Rxe4 Qd7 28. Rfe1 Ng7
29. Rxe8+ Rxe8 30. Rxe8+ Qxe8 31. Kf1 Nf5 32. Qe2 Qd7 33. Qe4 Ne7 34. Bg5 Nd5
35. Ne5 Bxe5 36. Qxe5 Nxb4 37. Qb8+ Kg7 38. Qe5+ f6 39. Qxf6+ Kg8 40. Kg1 Nc2
41. d5 Qxd5 42. Qe7 h5 43. Qe8+ Kg7 44. Qe7+ Qf7 45. Bf6+ Kg8 46. Qd8+ Qf8 47.
Qd6 Nb4 48. Qe6+ Kh7 49. h4 Nd5 50. Qd7+ Kg8 51. Qe6+ Kh7 52. Qd7+ Kg8 53. Qe6+
Qf7 54. Qc8+ Qf8 55. Qe6+ Qf7 56. Qc8+ Qf8 57. Qe6+ Qf7 1/2-1/2

[Event "Mondiale Lampo FIDE 2019"]
[Site "Mosca"]
[Date "29.12.2019"]
[Round "3.74"]
[White "Andriasian, Zaven"]
[Black "Bartel, Mateusz"]
[Result "0-1"]
[WhiteTitle "GM"]
[BlackTitle "GM"]
[WhiteElo "2611"]
[BlackElo "2634"]
[WhiteFideId "13302000"]
[BlackFideId "1112635"]
[EventDate "2019.12.29"]

1. e4 e6 2. d3 d5 3. Nd2 c5 4. Ngf3 Nc6 5. g3 Bd6 6. Bg2 Nge7 7. O-O O-O 8. Nh4
b5 9. f4 c4 10. e5 Bc5+ 11. Kh1 Ba6 12. Ndf3 b4 13. d4 Bb6 14. Rf2 c3 15. b3 Bc8
16. g4 a5 17. Be3 Ra7 18. Bh3 Kh8 19. Qg1 f6 20. exf6 gxf6 21. g5 f5 22. Qg3 Rg8
23. Re1 Bd7 24. Rfe2 Qf8 25. Bf2 Qf7 26. Bg2 Nc8 27. g6 Rxg6 28. Nxg6+ Qxg6 29.
Ng5 Nd8 30. Qh4 Nd6 31. Bf3 Ne4 32. Rg1 Bb5 33. Ree1 Nxf2+ 34. Qxf2 Qf6 35. Qh4
Bxd4 36. Rg2 Rg7 37. Be2 Bc6 38. Bh5 h6 39. Nf3 Qxh4 40. Nxh4 Rxg2 41. Kxg2 Bf6
42. Ng6+ Kg7 43. Ne5 Bb5 44. Be2 Be8 45. Bd3 Kf8 46. Nf3 Bf7 47. Ra1 Be7 48. Ne5
Bd6 49. Kf3 Bh5+ 50. Ke3 Nf7 51. Kd4 Nxe5 52. fxe5 Bc7 53. Kc5 Ke7 54. Re1 f4
55. Kc6 Kd8 56. Rg1 Be8+ 57. Kb7 Bxe5 58. Re1 Bd4 59. Rxe6 Bf7 60. Rxh6 f3 61.
Rh7 Ke8 62. h4 f2 63. h5 Be6 64. h6 Bf5 65. Bb5+ Kf8 66. Rc7 Bxc2 67. h7 Bxh7
68. Rxh7 Be3 69. Rc7 d4 70. Bd3 Bf4 71. Rc5 Ke7 72. Kc6 Ke6 73. Kb5 Bd6 74. Rc6
Kd5 75. Rc8 Ke5 76. Rc6 Be7 77. Kxa5 Kf4 78. Re6 Bg5 79. Re4+ Kf3 80. Re5 c2 81.
Bxc2 f1=Q 82. Rxg5 Qe2 83. Rc5 d3 84. Bxd3 Qxd3 85. Kxb4 Qd2+ 86. Ka3 Ke4 87.
Rc4+ Kd5 88. Rg4 Kc5 89. Rc4+ Kb5 90. Rg4 Qc1# 0-1

[Event "Mondiale Lampo FIDE 2019"]
[Site "Mosca"]
[Date "29.12.2019"]
[Round "3.75"]
[White "Zubov, Alexander"]
[Black "Galkin, Alexander"]
[Result "1-0"]
[WhiteTitle "GM"]
[BlackTitle "GM"]
[WhiteElo "2601"]
[BlackElo "2611"]
[WhiteFideId "14109409"]
[BlackFideId "4120426"]
[EventDate "2019.12.29"]

1. d4 d5 2. c4 e6 3. Nf3 c6 4. Qc2 Nf6 5. Bg5 h6 6. Bh4 Be7 7. e3 Nbd7 8. Nbd2
O-O 9. Rc1 a6 10. c5 Nh5 11. Bxe7 Qxe7 12. Ne5 Nhf6 13. f4 Nxe5 14. dxe5 Nd7 15.
Bd3 f6 16. Nf3 fxe5 17. fxe5 b6 18. cxb6 c5 19. O-O Bb7 20. b3 Rac8 21. Qe2 Nxb6
22. Bxa6 Bxa6 23. Qxa6 Qc7 24. a4 Ra8 25. Qd3 c4 26. Qd4 Nd7 27. e4 Qa7 28. Qxa7
Rxa7 29. exd5 exd5 30. bxc4 dxc4 31. Rxc4 Nb6 32. Rc6 Nxa4 33. Ra1 Rfa8 34. Ra2
Ra6 35. Rc7 Nc5 36. Rxa6 Nxa6 37. Rc4 Rd8 38. Kf2 Rd5 39. Ke3 Nc5 40. Rd4 Rxd4
41. Kxd4 Ne6+ 42. Ke4 Kf7 43. Nd4 Nc7 44. g4 g6 45. h4 Na6 46. e6+ Kf6 47. Kd5
Nc7+ 48. Kd6 Ne8+ 49. Kd7 Ng7 50. e7 Kf7 51. Nb5 Kf6 52. Nd6 Ke5 53. h5 gxh5 54.
Nf5 1-0

[Event "Mondiale Lampo FIDE 2019"]
[Site "Mosca"]
[Date "29.12.2019"]
[Round "3.76"]
[White "Potapov, Pavel"]
[Black "Dubov, Daniil"]
[Result "0-1"]
[WhiteTitle "GM"]
[BlackTitle "GM"]
[WhiteElo "2482"]
[BlackElo "2690"]
[WhiteFideId "4169786"]
[BlackFideId "24126055"]
[EventDate "2019.12.29"]

1. e4 c5 2. c3 d6 3. d4 Nf6 4. Bd3 Qc7 5. Nf3 g6 6. O-O Bg7 7. h3 O-O 8. Bg5
Nbd7 9. Re1 h6 10. Bh4 e5 11. Nbd2 Re8 12. dxe5 Nxe5 13. Nxe5 dxe5 14. Nc4 Nh5
15. Ne3 Be6 16. Bc4 Bxc4 17. Nxc4 Bf6 18. Bxf6 Nxf6 19. Qf3 Kg7 20. Ne3 Qc6 21.
Nd5 Nxd5 22. exd5 Qd6 23. c4 f5 24. Qc3 Kh7 25. Re2 Re7 26. Rae1 Rae8 27. a3 b6
28. b4 e4 29. f3 Re5 30. fxe4 fxe4 31. b5 h5 32. Qe3 Rf5 33. Rf2 h4 34. Ref1 Qf6
35. Rxf5 gxf5 36. Kh1 Kg6 37. Qf4 e3 38. Re1 Re4 39. Qf1 Qe5 40. Qe2 Qd4 41. Rc1
Qd2 42. Re1 Qxe2 43. Rxe2 f4 44. d6 Rxc4 0-1

[Event "Mondiale Lampo FIDE 2019"]
[Site "Mosca"]
[Date "29.12.2019"]
[Round "3.77"]
[White "Korobov, Anton"]
[Black "Narayanan, Srinath"]
[Result "1/2-1/2"]
[WhiteTitle "GM"]
[BlackTitle "GM"]
[WhiteElo "2668"]
[BlackElo "2529"]
[WhiteFideId "14105730"]
[BlackFideId "5018420"]
[EventDate "2019.12.29"]

1. d4 Nf6 2. c4 e6 3. Nf3 d5 4. Nc3 Bb4 5. Bg5 h6 6. Bxf6 Qxf6 7. Qa4+ Nc6 8. e3
O-O 9. Bd3 dxc4 10. Bxc4 Bd6 11. O-O e5 12. Nd5 Qd8 13. dxe5 Nxe5 14. Nxe5 Bxe5
15. Rad1 c6 16. Nc3 Qc7 17. Qc2 Bxh2+ 18. Kh1 Be5 19. f4 Bxc3 20. bxc3 Qe7 21.
e4 Bg4 22. Rde1 Rad8 23. Qf2 Be6 24. Bxe6 Qxe6 25. Qg3 f5 26. exf5 Qxf5 27. Re7
Rf7 28. Rxf7 Qxf7 29. f5 Rd1 30. Qf3 Rxf1+ 31. Qxf1 Qxa2 32. Qf4 Qb1+ 33. Kh2 a5
34. Qe5 Qd1 35. Qe8+ Kh7 36. Qg6+ Kg8 37. Qe8+ Kh7 38. Qg6+ Kg8 1/2-1/2

[Event "Mondiale Lampo FIDE 2019"]
[Site "Mosca"]
[Date "29.12.2019"]
[Round "3.78"]
[White "Nihal, Sarin"]
[Black "Kryakvin, Dmitry"]
[Result "1-0"]
[WhiteTitle "GM"]
[BlackTitle "GM"]
[WhiteElo "2612"]
[BlackElo "2596"]
[WhiteFideId "25092340"]
[BlackFideId "4153278"]
[EventDate "2019.12.29"]

1. Nf3 d5 2. e3 c6 3. c4 Nf6 4. Nc3 g6 5. d4 Bg7 6. Bd3 O-O 7. O-O b6 8. b3 Bb7
9. Bb2 e6 10. Rc1 Nbd7 11. Qe2 Re8 12. Rfd1 Qe7 13. cxd5 exd5 14. Ba6 Bxa6 15.
Qxa6 Ne4 16. Qe2 Rac8 17. Rc2 Nxc3 18. Bxc3 c5 19. Bb2 cxd4 20. Bxd4 Bxd4 21.
Nxd4 Rxc2 22. Qxc2 Nc5 23. h3 Qe4 24. Qd2 a5 25. b4 Ne6 26. bxa5 Nxd4 27. Qxd4
bxa5 28. Qxd5 Qc2 29. Rd2 Qc1+ 30. Kh2 Qc7+ 31. g3 h5 32. h4 Re6 33. Kg2 Kh7 34.
Qd7 Qc6+ 35. Rd5 Qxd7 36. Rxd7 Kg7 37. Rd5 Ra6 38. a4 Ra7 39. Kf3 Ra6 40. Ke4
Ra8 41. Kd4 Rb8 42. Kc3 Rb1 43. Rxa5 Rf1 44. f4 Rf3 45. Kd3 Rxg3 46. Rc5 Rh3 47.
a5 Rxh4 48. Rc1 Rh2 49. Ra1 Rb2 50. a6 Rb8 51. a7 Ra8 52. Kd4 Kf6 53. e4 Ke6 54.
Kc5 f6 55. Ra6+ Kf7 56. Kc6 g5 57. fxg5 fxg5 58. Kb7 Rh8 59. Rc6 h4 60. Rc8 Rxc8
61. Kxc8 1-0

[Event "Mondiale Lampo FIDE 2019"]
[Site "Mosca"]
[Date "29.12.2019"]
[Round "3.79"]
[White "Kazakouski, Valery"]
[Black "Sjugirov, Sanan"]
[Result "1-0"]
[WhiteTitle "IM"]
[BlackTitle "GM"]
[WhiteElo "2485"]
[BlackElo "2665"]
[WhiteFideId "13507443"]
[BlackFideId "4189302"]
[EventDate "2019.12.29"]

1. d4 Nf6 2. Nf3 e6 3. c4 d5 4. g3 Bb4+ 5. Bd2 Be7 6. Bg2 O-O 7. O-O Nbd7 8. Qc2
c6 9. a4 a5 10. Bf4 Nh5 11. Bc1 f5 12. b3 Qe8 13. Ba3 Nhf6 14. Bxe7 Qxe7 15. e3
b6 16. Rc1 Bb7 17. cxd5 cxd5 18. Na3 Rac8 19. Qb2 Ba6 20. Bf1 Bxf1 21. Rxf1 Ne4
22. Rac1 Nd6 23. Rxc8 Rxc8 24. Rc1 Qd8 25. Rc2 h6 26. Qc1 Rxc2 27. Qxc2 Qc8 28.
Qxc8+ Nxc8 29. Nb5 Kf8 30. Kf1 Ke7 31. Ke2 Nd6 32. Nc3 g5 33. h3 Kf6 34. Ne1 Nb8
35. Nd3 Nc6 36. f3 h5 37. h4 Nf7 38. hxg5+ Kxg5 39. Nf4 Nfd8 40. Ng2 Nf7 41. Nb5
Nfd8 42. Nd6 Kf6 43. Nf4 e5 44. dxe5+ Kxe5 45. Nb5 h4 46. gxh4 d4 47. Nd3+ Kd5
48. h5 dxe3 49. Kxe3 Nf7 50. Kf4 Ke6 51. Nb2 Kf6 52. Nc4 Ncd8 53. Nd4 Nb7 54.
Nxb6 Nc5 55. Nc4 Nd3+ 56. Ke3 Nc5 57. Nxa5 Ke5 58. Nc4+ Kd5 59. f4 Nh6 60. Nb6+
Kd6 61. a5 Ng4+ 62. Kf3 Nh6 63. b4 Na6 64. b5 Nc5 1-0

[Event "Mondiale Lampo FIDE 2019"]
[Site "Mosca"]
[Date "29.12.2019"]
[Round "3.80"]
[White "Melkumyan, Hrant"]
[Black "Frolyanov, Dmitry"]
[Result "0-1"]
[WhiteTitle "GM"]
[BlackTitle "GM"]
[WhiteElo "2668"]
[BlackElo "2556"]
[WhiteFideId "13302485"]
[BlackFideId "4151976"]
[EventDate "2019.12.29"]

1. d4 d5 2. c4 e6 3. Nc3 c6 4. e4 dxe4 5. Nxe4 Bb4+ 6. Bd2 Qxd4 7. Bxb4 Qxe4+ 8.
Ne2 Na6 9. Bc3 Ne7 10. Bxg7 Nb4 11. Bxh8 e5 12. f3 Nc2+ 13. Qxc2 Qxc2 14. Bxe5
Qxc4 15. Rc1 Qxa2 16. Nf4 Qa5+ 17. Bc3 Qg5 18. g3 Nd5 19. Bd2 Nxf4 20. Bxf4 Qa5+
21. Kf2 Qb6+ 22. Be3 Qxb2+ 23. Be2 Bf5 24. Rhe1 O-O-O 25. Kg1 Re8 26. Kf2 Bd3
27. Rcd1 Bxe2 28. Rxe2 Qb3 29. Rdd2 a5 30. Rb2 Qc3 31. Rbc2 Rxe3 32. Rxc3 Rxc3
33. Re8+ Kc7 34. Re7+ Kb6 35. Rxf7 a4 36. Rf8 Rc2+ 37. Ke3 Rxh2 38. f4 Kc5 39.
f5 Kd6 40. g4 a3 0-1